[Event "HUN-chT2 Erkel 2324"]
[Site "Hunagry"]
[Date "2023.10.08"]
[Round "1.9"]
[White "Horvath, Antal Jr"]
[Black "Andreeva, Elena"]
[Result "1-0"]
[WhiteElo "2014"]
[BlackElo "1902"]
[PlyCount "59"]
[EventDate "2023.10.08"]
[EventType "team-tourn"]
[EventRounds "9"]
[EventCountry "HUN"]
[SourceTitle "EXT 2025"]
[Source "ChessBase"]
[SourceDate "2024.10.14"]
[SourceVersion "1"]
[SourceVersionDate "2024.10.14"]
[SourceQuality "1"]
[WhiteTeam "Hus"]
[BlackTeam "Fot"]
[WhiteTeamCountry "HUN"]
[BlackTeamCountry "HUN"]

1. e4 c5 2. Nf3 d6 3. d4 cxd4 4. Nxd4 Nf6 5. Nc3 g6 6. Be3 Bg7 7. f3 0-0 8. Bc4 Nc6 9. Qd2 Nd7 10. 0-0-0 Nb6 11. Bb3 Na5 12. Qd3 Nxb3+ 13. Nxb3 Be6 14. h4 Rc8 15. h5 Bc4 16. Qd2 Bxb3 17. axb3 Rxc3 18. bxc3 Nc4 19. bxc4 Qa5 20. Qd5 Qa3+ 21. Kd2 Qxc3+ 22. Ke2 Qxc2+ 23. Rd2 Qa4 24. hxg6 hxg6 25. Bh6 Rc8 26. Bxg7 Kxg7 27. Qb5 Rxc4 28. Qxa4 Rxa4 29. Rb1 b6 30. Rbb2 1-0

[Event "HUN-chT1 Maroczy 2122"]
[Site "Hungary"]
[Date "2022.02.27"]
[Round "9.5"]
[White "Baranyai, Szabolcs Jr"]
[Black "Horvath, Antal Jr"]
[Result "1/2-1/2"]
[WhiteElo "2200"]
[BlackElo "2037"]
[PlyCount "43"]
[EventDate "2021.10.10"]
[EventType "team-tourn"]
[EventRounds "11"]
[EventCountry "HUN"]
[SourceTitle "EXT 2025"]
[Source "ChessBase"]
[SourceDate "2024.10.14"]
[SourceVersion "1"]
[SourceVersionDate "2024.10.14"]
[SourceQuality "1"]
[WhiteTeam "Hobagoly"]
[BlackTeam "Hus"]
[WhiteTeamCountry "HUN"]
[BlackTeamCountry "HUN"]

1. d4 Nf6 2. c4 e6 3. g3 d5 4. Nf3 c5 5. cxd5 exd5 6. Bg2 Nc6 7. 0-0 Be6 8. Nc3 Be7 9. dxc5 Bxc5 10. Bg5 Be7 11. Nd4 h6 12. Bf4 Bd6 13. Bxd6 Qxd6 14. Ndb5 Qe5 15. e4 dxe4 16. Nd6+ Ke7 17. Ndxe4 Nxe4 18. Bxe4 Rhd8 19. Qa4 Rd4 20. Qa3+ Qd6 21. Qxd6+ Rxd6 22. Rfd1 1/2-1/2

[Event "HUN-chT1 Maroczy 2122"]
[Site "Hungary"]
[Date "2021.12.19"]
[Round "6.3"]
[White "Horvath, Antal Jr"]
[Black "Mester, Gyula"]
[Result "0-1"]
[WhiteElo "2051"]
[BlackElo "2303"]
[PlyCount "98"]
[EventDate "2021.10.10"]
[EventType "team-tourn"]
[EventRounds "11"]
[EventCountry "HUN"]
[SourceTitle "EXT 2025"]
[Source "ChessBase"]
[SourceDate "2024.10.14"]
[SourceVersion "1"]
[SourceVersionDate "2024.10.14"]
[SourceQuality "1"]
[WhiteTeam "Hus"]
[BlackTeam "Debrecen Sakkiskola"]
[WhiteTeamCountry "HUN"]
[BlackTeamCountry "HUN"]

1. e4 g6 2. d4 Bg7 3. Nc3 d6 4. Nf3 Nf6 5. h3 0-0 6. Be3 Nbd7 7. Qd2 e5 8. d5 Nc5 9. Bd3 Nxd3+ 10. Qxd3 Bd7 11. Qd2 c6 12. Bg5 b5 13. Bxf6 Bxf6 14. dxc6 Bxc6 15. Rd1 Rc8 16. Qxd6 Qxd6 17. Rxd6 b4 18. Rxf6 bxc3 19. bxc3 Bxe4 20. 0-0 Rxc3 21. Nxe5 Rxc2 22. Ra6 f6 23. Nd7 Bd3 24. Rxa7 Rf7 25. Rd1 Bf5 26. Ra8+ Kg7 27. Nb6 Rb7 28. Rd6 Re7 29. Nd5 Re1+ 30. Kh2 Rxf2 31. Ra7+ Kh6 32. Nxf6 Ree2 33. h4 Rxg2+ 34. Kh1 Rh2+ 35. Kg1 Rxh4 36. Rxh7+ Kg5 37. Rxh4 Kxh4 38. Ra6 Bd3 39. Ra3 Bc4 40. Nd7 Bb5 41. Nc5 g5 42. Rb3 Bc6 43. Nd3 g4 44. Rb2 Re3 45. Nf4 Rg3+ 46. Kh2 Rc3 47. Ng2+ Kg5 48. Ne1 Rh3+ 49. Kg1 Rh1+ 0-1

[Event "HUN-chT2 Charousek 1819"]
[Site "Hungary"]
[Date "2018.12.02"]
[Round "5.6"]
[White "Kovac, Boris"]
[Black "Horvath, Antal Jr"]
[Result "0-1"]
[WhiteElo "2200"]
[BlackElo "2086"]
[PlyCount "82"]
[EventDate "2018.09.23"]
[EventType "team-tourn"]
[EventRounds "11"]
[EventCountry "HUN"]
[SourceTitle "CBM 189 Extra"]
[Source "ChessBase"]
[SourceDate "2019.05.31"]
[SourceVersion "1"]
[SourceVersionDate "2019.05.31"]
[SourceQuality "1"]
[WhiteTeam "Szentgotthard Alsoszolnok"]
[BlackTeam "Budapest HUSI"]
[WhiteTeamCountry "HUN"]
[BlackTeamCountry "HUN"]

1. e4 c5 2. Nf3 e6 3. d4 cxd4 4. Nxd4 a6 5. c4 Qc7 6. Nc3 Nf6 7. Be3 Be7 8. Be2 d6 9. 0-0 Nbd7 10. Rc1 b6 11. f3 Bb7 12. a3 0-0 13. b4 Rac8 14. Qb3 Ne5 15. Na4 Nfd7 16. Rfd1 Qb8 17. Nb2 Nc6 18. Nc2 Bf6 19. Na4 Nce5 20. Nb2 b5 21. cxb5 Rc3 22. Qa2 Rxe3 23. Nxe3 Qa7 24. Kf2 Bg5 25. Qb3 f5 26. Rc7 fxe4 27. Rxb7 Bxe3+ 28. Ke1 Bf2+ 29. Kf1 Qxb7 30. Qxe6+ Kh8 31. Kxf2 exf3 32. gxf3 Nxf3 33. Kg3 Ng5 34. Qd5 Qb6 35. Rd4 Nf6 36. Nc4 Qa7 37. b6 Qe7 38. Qg2 Nfe4+ 39. Kg4 Qe6+ 40. Kh5 Qg6+ 41. Kh4 Rf4+ 0-1

[Event "HUN-chT2 Charousek 1819"]
[Site "Hungary"]
[Date "2018.09.23"]
[Round "1.7"]
[White "Horvath, Antal Jr"]
[Black "Margl, Roland"]
[Result "1/2-1/2"]
[WhiteElo "2086"]
[BlackElo "2210"]
[PlyCount "123"]
[EventDate "2018.09.23"]
[EventType "team-tourn"]
[EventRounds "11"]
[EventCountry "HUN"]
[SourceTitle "CBM 189 Extra"]
[Source "ChessBase"]
[SourceDate "2019.05.31"]
[SourceVersion "1"]
[SourceVersionDate "2019.05.31"]
[SourceQuality "1"]
[WhiteTeam "Budapest HUSI"]
[BlackTeam "Tapolca Varosi"]
[WhiteTeamCountry "HUN"]
[BlackTeamCountry "HUN"]

1. e4 c6 2. d4 d5 3. Nc3 dxe4 4. Nxe4 Bf5 5. Ng3 Bg6 6. h4 h6 7. h5 Bh7 8. Nf3 e6 9. Bd3 Bxd3 10. Qxd3 Nf6 11. Bf4 Qa5+ 12. Bd2 Bb4 13. Qb3 Bxd2+ 14. Nxd2 Qc7 15. Nde4 Nxe4 16. Nxe4 0-0 17. Qe3 Qa5+ 18. c3 Nd7 19. g4 f5 20. Nd2 Qd5 21. 0-0-0 fxg4 22. Rhg1 Nf6 23. f3 g3 24. Rxg3 Nxh5 25. Rg4 Qf5 26. Rdg1 Kh7 27. f4 Rae8 28. Ne4 Re7 29. Nd6 Qd5 30. Ne4 Nf6 31. Nxf6+ Rxf6 32. Qg3 Qd7 33. Qd3+ Kh8 34. Rh4 Qe8 35. Qe4 Qf8 36. Qe5 Rd7 37. c4 Qd6 38. Qxd6 Rxd6 39. Rd1 Rf7 40. Kc2 Rfd7 41. Kc3 c5 42. Rh5 Rxd4 43. Rxd4 cxd4+ 44. Kd3 Kg8 45. b4 Kf7 46. a4 Kg6 47. Ra5 b6 48. Re5 Kf6 49. a5 bxa5 50. Rxa5 g5 51. fxg5+ hxg5 52. c5 e5 53. c6 Rc7 54. b5 g4 55. Rxa7 Rxa7 56. b6 Ra6 57. c7 Rxb6 58. c8Q Rb3+ 59. Kd2 Rf3 60. Qf8+ Kg5 61. Qg7+ Kf4 62. Qf7+ 1/2-1/2

[Event "HUN-chT2 Charousek 1819"]
[Site "Hungary"]
[Date "2018.09.23"]
[Round "1.6"]
[White "Krutti, Valer"]
[Black "Horvath, Antal Jr"]
[Result "0-1"]
[WhiteElo "2310"]
[BlackElo "2086"]
[PlyCount "46"]
[EventDate "2018.09.23"]
[EventType "team-tourn"]
[EventRounds "11"]
[EventCountry "HUN"]
[SourceTitle "CBM 189 Extra"]
[Source "ChessBase"]
[SourceDate "2019.05.31"]
[SourceVersion "1"]
[SourceVersionDate "2019.05.31"]
[SourceQuality "1"]
[WhiteTeam "Aquaprofit Nagykanizsa II"]
[BlackTeam "Budapest HUSI"]
[WhiteTeamCountry "HUN"]
[BlackTeamCountry "HUN"]

1. c4 e5 2. g3 d5 3. cxd5 Qxd5 4. Nf3 Nc6 5. Nc3 Qd8 6. Bg2 Bd6 7. 0-0 Nf6 8. d4 exd4 9. Nxd4 Bd7 10. Ndb5 Be5 11. f4 Bxc3 12. Nxc3 Qe7 13. e4 Qc5+ 14. Kh1 Ng4 15. Nd5 0-0-0 16. Qe1 h5 17. h4 Nd4 18. Bd2 Nc2 19. Rc1 Bb5 20. Rxc2 Qxc2 21. Rf3 Rxd5 22. exd5 Re8 23. Be3 Qd3 0-1

[Event "HUN-chT2 Toth 1718"]
[Site "Hungary"]
[Date "2018.05.06"]
[Round "11.3"]
[White "Horvath, Antal Jr"]
[Black "Demeter, Dorina"]
[Result "0-1"]
[WhiteElo "2121"]
[BlackElo "1999"]
[PlyCount "80"]
[EventDate "2017.09.24"]
[EventType "team-tourn"]
[EventRounds "11"]
[EventCountry "HUN"]
[SourceTitle "EXT 2021"]
[Source "ChessBase"]
[SourceDate "2020.10.23"]
[SourceVersion "1"]
[SourceVersionDate "2020.10.23"]
[SourceQuality "1"]
[WhiteTeam "Oroshaza"]
[BlackTeam "Mako Duocor II"]
[WhiteTeamCountry "HUN"]
[BlackTeamCountry "HUN"]

1. e4 c5 2. Nf3 d6 3. d4 cxd4 4. Nxd4 Nf6 5. Nc3 g6 6. Be3 Bg7 7. f3 0-0 8. Bc4 Nc6 9. Qd2 Bd7 10. 0-0-0 Rc8 11. Bd3 Ne5 12. g4 Nc4 13. Bxc4 Rxc4 14. h4 b5 15. h5 b4 16. Nce2 a5 17. hxg6 fxg6 18. Bh6 Rf7 19. Bxg7 Kxg7 20. Nf4 Kg8 21. g5 Ne8 22. e5 dxe5 23. Nde6 Qc8 24. Qxd7 Rxc2+ 25. Kb1 Rc1+ 26. Rxc1 Qxd7 27. Rhd1 Nd6 28. Rc7 Qxc7 29. Nxc7 exf4 30. Re1 Nc4 31. Kc2 Ne3+ 32. Kd3 Rf5 33. Ke4 Rxg5 34. Ne6 Rf5 35. b3 Kf7 36. Nxf4 Rxf4+ 37. Kxe3 Rf5 38. Ra1 Rc5 39. Ke4 Rc2 40. a3 Rb2 0-1

[Event "HUN-chT2 Toth 1718"]
[Site "Hungary"]
[Date "2017.12.17"]
[Round "6.3"]
[White "Horvath, Antal Jr"]
[Black "Czegledi, Laszlo"]
[Result "1-0"]
[WhiteElo "2121"]
[BlackElo "2156"]
[PlyCount "89"]
[EventDate "2017.09.24"]
[EventType "team-tourn"]
[EventRounds "11"]
[EventCountry "HUN"]
[SourceTitle "EXT 2021"]
[Source "ChessBase"]
[SourceDate "2020.10.23"]
[SourceVersion "1"]
[SourceVersionDate "2020.10.23"]
[SourceQuality "1"]
[WhiteTeam "Oroshaza"]
[BlackTeam "Ujszasz"]
[WhiteTeamCountry "HUN"]
[BlackTeamCountry "HUN"]

1. e4 c5 2. Nf3 d6 3. d4 cxd4 4. Nxd4 Nf6 5. Nc3 a6 6. Bc4 e6 7. Bb3 Nbd7 8. Qf3 Nc5 9. 0-0 Be7 10. Rd1 Bd7 11. g4 h5 12. g5 Ng4 13. h3 Ne5 14. Qg2 Qc7 15. f4 Nc6 16. g6 f6 17. f5 Nxd4 18. Rxd4 Nxb3 19. axb3 Rc8 20. Be3 exf5 21. Rc4 Bc6 22. Nd5 Qd8 23. exf5 Qd7 24. Qe4 Bxd5 25. Qxd5 Rf8 26. Bh6 Rc5 27. Rxc5 dxc5 28. Qxd7+ Kxd7 29. Bxg7 Rg8 30. Bh6 Bd6 31. Re1 Be5 32. c3 b5 33. Kh1 Kd6 34. Rd1+ Kc6 35. Kg2 a5 36. Kf3 a4 37. bxa4 bxa4 38. Bf4 Bxf4 39. Kxf4 Rg7 40. Re1 Kd5 41. Re6 Kc4 42. Rxf6 a3 43. bxa3 Kxc3 44. Rf7 Rg8 45. g7 1-0

[Event "HUN-chT2 Toth 1718"]
[Site "Hungary"]
[Date "2017.10.29"]
[Round "3.3"]
[White "Lovas, Daniel"]
[Black "Horvath, Antal Jr"]
[Result "1/2-1/2"]
[WhiteElo "2095"]
[BlackElo "2121"]
[PlyCount "91"]
[EventDate "2017.09.24"]
[EventType "team-tourn"]
[EventRounds "11"]
[EventCountry "HUN"]
[SourceTitle "EXT 2021"]
[Source "ChessBase"]
[SourceDate "2020.10.23"]
[SourceVersion "1"]
[SourceVersionDate "2020.10.23"]
[SourceQuality "1"]
[WhiteTeam "Kecskemet Toth Laszlo II"]
[BlackTeam "Oroshaza"]
[WhiteTeamCountry "HUN"]
[BlackTeamCountry "HUN"]

1. c4 e5 2. g3 Nf6 3. Bg2 Be7 4. d3 0-0 5. Nf3 Nc6 6. 0-0 d6 7. h3 h6 8. Nc3 Be6 9. a3 Qd7 10. Kh2 Nd4 11. Nxd4 exd4 12. Nd5 c5 13. Nxf6+ Bxf6 14. b4 d5 15. cxd5 Bxd5 16. Bxd5 Qxd5 17. bxc5 Qxc5 18. a4 Rfe8 19. Ba3 Qc3 20. Ra2 Re6 21. Qb1 Rb6 22. Qa1 Qb3 23. Bc5 Rc6 24. Rb1 Qd5 25. Bb4 Be5 26. Be1 b6 27. Rab2 Rf6 28. Qa2 Qb7 29. Rb5 Re8 30. Qd5 Qc7 31. R5b2 h5 32. h4 Rf5 33. Qg2 g5 34. f4 Bd6 35. Bb4 gxh4 36. Bxd6 Qxd6 37. Rf1 hxg3+ 38. Qxg3+ Kf8 39. Rf2 Re6 40. Qh4 Qe7 41. Qxe7+ Rxe7 42. Rb4 Rd7 43. Kg3 Kg7 44. Kf3 Ra5 45. Rg2+ Kh7 46. Rc4 1/2-1/2

[Event "HUN-chT2 Toth 1718"]
[Site "Hungary"]
[Date "2017.10.08"]
[Round "2.3"]
[White "Horvath, Antal Jr"]
[Black "Retkes, Peter"]
[Result "0-1"]
[WhiteElo "2121"]
[BlackElo "2060"]
[PlyCount "86"]
[EventDate "2017.09.24"]
[EventType "team-tourn"]
[EventRounds "11"]
[EventCountry "HUN"]
[SourceTitle "EXT 2021"]
[Source "ChessBase"]
[SourceDate "2020.10.23"]
[SourceVersion "1"]
[SourceVersionDate "2020.10.23"]
[SourceQuality "1"]
[WhiteTeam "Oroshaza"]
[BlackTeam "Szeged Meritum"]
[WhiteTeamCountry "HUN"]
[BlackTeamCountry "HUN"]

1. e4 e6 2. d4 d5 3. Nc3 Nf6 4. Bg5 Bb4 5. e5 h6 6. exf6 hxg5 7. fxg7 Rg8 8. Nf3 Qf6 9. Qd2 Qxg7 10. 0-0-0 Nc6 11. Bb5 Bd7 12. Bxc6 bxc6 13. h3 c5 14. a3 cxd4 15. Nxd4 Ba5 16. Qe3 Kd8 17. Qf3 Bb6 18. Nf5 Qf6 19. g4 c6 20. Rd2 Ba5 21. Nd4 Qxf3 22. Nxf3 Bc7 23. Rhd1 Bf4 24. Ne2 Bxd2+ 25. Rxd2 f6 26. Ng3 Kc7 27. Nd4 Rh8 28. Nh5 e5 29. Nb3 f5 30. f3 fxg4 31. fxg4 Raf8 32. c4 Kd6 33. Ng3 Rxh3 34. Ne4+ Kc7 35. Nbc5 dxe4 36. Rxd7+ Kc8 37. Re7 Rf2 38. Kb1 Rh1+ 39. Ka2 Rhh2 40. Kb3 Rxb2+ 41. Ka4 e3 42. Rxe5 e2 43. Nd3 Rb1 0-1

[Event "HUN-chT2 Toth 1718"]
[Site "Hungary"]
[Date "2017.09.24"]
[Round "1.3"]
[White "Tubak, Daniel"]
[Black "Horvath, Antal Jr"]
[Result "1-0"]
[WhiteElo "2099"]
[BlackElo "2121"]
[PlyCount "45"]
[EventDate "2017.09.24"]
[EventType "team-tourn"]
[EventRounds "11"]
[EventCountry "HUN"]
[SourceTitle "EXT 2021"]
[Source "ChessBase"]
[SourceDate "2020.10.23"]
[SourceVersion "1"]
[SourceVersionDate "2020.10.23"]
[SourceQuality "1"]
[WhiteTeam "Szeged Maroczy II"]
[BlackTeam "Oroshaza"]
[WhiteTeamCountry "HUN"]
[BlackTeamCountry "HUN"]

1. e4 c5 2. Nf3 e6 3. d4 cxd4 4. Nxd4 a6 5. Nc3 Qc7 6. Be2 Nf6 7. 0-0 b5 8. Bf3 b4 9. e5 Bb7 10. Bxb7 Qxb7 11. exf6 bxc3 12. fxg7 Bxg7 13. bxc3 0-0 14. Re1 Nc6 15. Re3 Nxd4 16. cxd4 Qd5 17. c3 Rac8 18. Rg3 Kh8 19. Bf4 Rc6 20. Qg4 Bxd4 21. Bh6 f5 22. Bg7+ Kg8 23. Qxd4 1-0

[Event "HUN-chT2 Toth 1516"]
[Site "Hungary"]
[Date "2015.10.18"]
[Round "3.3"]
[White "Varga, Tamas"]
[Black "Horvath, Antal Jr"]
[Result "0-1"]
[WhiteElo "1982"]
[BlackElo "2070"]
[PlyCount "80"]
[EventDate "2015.09.13"]
[EventType "team-tourn"]
[EventRounds "11"]
[EventCountry "HUN"]
[SourceTitle "CBM 170 Extra"]
[Source "ChessBase"]
[SourceDate "2016.02.25"]
[SourceVersion "1"]
[SourceVersionDate "2016.02.25"]
[SourceQuality "1"]
[WhiteTeam "Bekes"]
[BlackTeam "Oroshaza"]
[WhiteTeamCountry "HUN"]
[BlackTeamCountry "HUN"]

1. d4 Nf6 2. c4 e6 3. Nc3 Bb4 4. Bg5 h6 5. Bh4 b6 6. Nf3 Bb7 7. e3 Bxc3+ 8. bxc3 Nc6 9. Bd3 Na5 10. h3 Qe7 11. Qc2 Ba6 12. Nd2 Qd6 13. Bxf6 gxf6 14. c5 Bxd3 15. Qxd3 Qc6 16. cxb6 Qxg2 17. Qe4 Qxe4 18. Nxe4 f5 19. Nd2 axb6 20. Rg1 Ke7 21. Ke2 Nb7 22. Nc4 Ra6 23. Ne5 Rha8 24. Rg7 Rxa2+ 25. Rxa2 Rxa2+ 26. Kd3 Nd6 27. Rh7 Rxf2 28. Rxh6 b5 29. c4 bxc4+ 30. Nxc4 Nxc4 31. Kxc4 Rf3 32. h4 Rxe3 33. h5 f4 34. Rh8 f3 35. h6 f2 36. h7 f1Q+ 37. Kb4 Qb1+ 38. Ka4 Re2 39. Re8+ Kd6 40. Rxe6+ fxe6 0-1

[Event "HUN-chT2 Toth 1415"]
[Site "Hungary"]
[Date "2015.04.26"]
[Round "11.4"]
[White "Czegledi, Laszlo"]
[Black "Horvath, Antal Jr"]
[Result "1-0"]
[WhiteElo "2141"]
[BlackElo "2073"]
[PlyCount "63"]
[EventDate "2014.09.07"]
[EventType "team-tourn"]
[EventRounds "11"]
[EventCountry "HUN"]
[SourceTitle "EXT 2016"]
[Source "ChessBase"]
[SourceDate "2015.10.08"]
[SourceVersion "1"]
[SourceVersionDate "2015.10.08"]
[SourceQuality "1"]
[WhiteTeam "Ujszasz"]
[BlackTeam "Oroshaza"]
[WhiteTeamCountry "HUN"]
[BlackTeamCountry "HUN"]

1. e4 c5 2. Nf3 e6 3. d4 cxd4 4. Nxd4 a6 5. Nc3 Qc7 6. Bd3 Nf6 7. f4 d6 8. Qf3 b5 9. g4 Bb7 10. g5 Nfd7 11. Bd2 Nc6 12. Nce2 Nc5 13. b4 Nxd3+ 14. cxd3 d5 15. Rc1 Nxd4 16. Nxd4 Qb6 17. Nb3 dxe4 18. dxe4 f5 19. gxf6 gxf6 20. Qh5+ Ke7 21. Nc5 Rg8 22. Qxh7+ Rg7 23. Qh3 Rc8 24. Ke2 Kf7 25. Rhg1 Qc6 26. Rxg7+ Bxg7 27. Rg1 Rh8 28. Qg2 Rh7 29. Qg6+ Kg8 30. Qxf6 Qd6 31. Bc3 Qf8 32. Rxg7+ 1-0

[Event "HUN-chT2 Toth 1415"]
[Site "Hungary"]
[Date "2015.03.01"]
[Round "9.4"]
[White "Valyi, Adel"]
[Black "Horvath, Antal Jr"]
[Result "0-1"]
[WhiteElo "1910"]
[BlackElo "2073"]
[PlyCount "48"]
[EventDate "2014.09.07"]
[EventType "team-tourn"]
[EventRounds "11"]
[EventCountry "HUN"]
[SourceTitle "EXT 2016"]
[Source "ChessBase"]
[SourceDate "2015.10.08"]
[SourceVersion "1"]
[SourceVersionDate "2015.10.08"]
[SourceQuality "1"]
[WhiteTeam "Maroczy II"]
[BlackTeam "Oroshaza"]
[WhiteTeamCountry "HUN"]
[BlackTeamCountry "HUN"]

1. d4 Nf6 2. Bg5 e6 3. e4 Be7 4. Bxf6 Bxf6 5. e5 Be7 6. f4 c5 7. c3 b6 8. Nf3 0-0 9. Bd3 Bb7 10. 0-0 d6 11. exd6 Qxd6 12. dxc5 Qxc5+ 13. Kh1 Qc7 14. Nd4 Nc6 15. Qh5 g6 16. Qg4 Nxd4 17. cxd4 Rad8 18. Nc3 Bf6 19. Nb5 Qb8 20. f5 exf5 21. Bxf5 Bg7 22. Bd3 a6 23. Nc3 Rxd4 24. Qe2 Rh4 0-1

[Event "HUN-chT2 Toth 1415"]
[Site "Hungary"]
[Date "2015.02.08"]
[Round "8.3"]
[White "Donko, Matyas"]
[Black "Horvath, Antal Jr"]
[Result "0-1"]
[WhiteElo "2022"]
[BlackElo "2073"]
[PlyCount "66"]
[EventDate "2014.09.07"]
[EventType "team-tourn"]
[EventRounds "11"]
[EventCountry "HUN"]
[SourceTitle "EXT 2016"]
[Source "ChessBase"]
[SourceDate "2015.10.08"]
[SourceVersion "1"]
[SourceVersionDate "2015.10.08"]
[SourceQuality "1"]
[WhiteTeam "Takisz"]
[BlackTeam "Oroshaza"]
[WhiteTeamCountry "HUN"]
[BlackTeamCountry "HUN"]

1. e4 c5 2. Nf3 e6 3. c4 b6 4. d4 cxd4 5. Nxd4 Bb7 6. Bd3 Na6 7. Nc3 Bb4 8. 0-0 Bxc3 9. bxc3 Nc5 10. Ba3 a6 11. Bc2 Qc7 12. Qe2 d6 13. f4 Nf6 14. e5 Nfd7 15. exd6 Qxd6 16. f5 e5 17. Rad1 Qf6 18. Bc1 0-0-0 19. Qg4 h6 20. a4 Nb8 21. Ne6 Rxd1 22. Bxd1 fxe6 23. fxe6 Qxe6 24. Qh4 Nbd7 25. Bg4 Qc6 26. Bh3 Kb8 27. Qe7 Nf6 28. Qxe5+ Ka8 29. a5 Nd3 30. Qg3 Nxc1 31. Rxc1 Qc5+ 32. Kf1 Ne4 33. Qf4 Rf8 0-1

[Event "HUN-chT2 Toth 1415"]
[Site "Hungary"]
[Date "2015.01.25"]
[Round "7.3"]
[White "Ginguta, Gheorghe"]
[Black "Horvath, Antal Jr"]
[Result "1-0"]
[WhiteElo "2110"]
[BlackElo "2073"]
[PlyCount "59"]
[EventDate "2014.09.07"]
[EventType "team-tourn"]
[EventRounds "11"]
[EventCountry "HUN"]
[SourceTitle "EXT 2016"]
[Source "ChessBase"]
[SourceDate "2015.10.08"]
[SourceVersion "1"]
[SourceVersionDate "2015.10.08"]
[SourceQuality "1"]
[WhiteTeam "Gyula"]
[BlackTeam "Oroshaza"]
[WhiteTeamCountry "HUN"]
[BlackTeamCountry "HUN"]

1. e4 c5 2. Nf3 e6 3. d4 cxd4 4. Nxd4 a6 5. Be2 Nf6 6. Nc3 Bb4 7. 0-0 Bxc3 8. bxc3 Nxe4 9. Qd3 Nf6 10. Ba3 d6 11. Nb3 0-0 12. Bxd6 Re8 13. Rfd1 Bd7 14. Be5 Nd5 15. c4 Nc6 16. Bg3 Nf6 17. Nc5 Bc8 18. Qe3 Qa5 19. c3 e5 20. h3 Qc7 21. Rab1 Rb8 22. Rb2 Bf5 23. Na4 Ne4 24. Nb6 Nxg3 25. Qxg3 Be6 26. Nd5 Bxd5 27. cxd5 Na5 28. d6 Qc6 29. d7 Red8 30. Qxe5 1-0

[Event "HUN-chT2 Toth 1314"]
[Site "Hungary"]
[Date "2014.04.13"]
[Round "10.4"]
[White "Horvath, Antal Jr"]
[Black "Nagy, Dani Karoly"]
[Result "1-0"]
[WhiteElo "2082"]
[BlackElo "1900"]
[PlyCount "81"]
[EventDate "2013.09.08"]
[EventType "team-tourn"]
[EventRounds "11"]
[EventCountry "HUN"]
[SourceTitle "EXT 2016"]
[Source "ChessBase"]
[SourceDate "2015.10.08"]
[SourceVersion "1"]
[SourceVersionDate "2015.10.08"]
[SourceQuality "1"]
[WhiteTeam "Oroshaza"]
[BlackTeam "Roszke"]
[WhiteTeamCountry "HUN"]
[BlackTeamCountry "HUN"]

1. e4 e6 2. d4 d5 3. Nc3 Bb4 4. e5 c5 5. a3 Bxc3+ 6. bxc3 Nc6 7. Qg4 Nge7 8. Nf3 Qc7 9. Bb5 cxd4 10. Bxc6+ Qxc6 11. 0-0 dxc3 12. Qxg7 Rg8 13. Qf6 Rg6 14. Qh8+ Rg8 15. Qxh7 Bd7 16. Bg5 Rxg5 17. Nxg5 Kd8 18. Qxf7 Nc8 19. f4 Qc5+ 20. Kh1 Qe7 21. Rf3 Qxf7 22. Nxf7+ Ke7 23. Ng5 Nb6 24. Rxc3 Nc4 25. Rd1 Bc6 26. Rh3 Rg8 27. Rh7+ Ke8 28. Nxe6 Ne3 29. Rd2 d4 30. Rg7 Rxg7 31. Nxg7+ Kf7 32. Nh5 Ke6 33. Rxd4 Nxc2 34. Rd6+ Ke7 35. f5 Nxa3 36. Rh6 Nc4 37. Rh7+ Kd8 38. e6 Nd6 39. f6 Bb5 40. Rh8+ Kc7 41. f7 1-0

[Event "HUN-chT2 Toth 1314"]
[Site "Hungary"]
[Date "2013.11.03"]
[Round "4.4"]
[White "Hajdu, Istvan"]
[Black "Horvath, Antal Jr"]
[Result "1-0"]
[WhiteElo "2114"]
[BlackElo "2082"]
[PlyCount "83"]
[EventDate "2013.09.08"]
[EventType "team-tourn"]
[EventRounds "11"]
[EventCountry "HUN"]
[SourceTitle "EXT 2016"]
[Source "ChessBase"]
[SourceDate "2015.10.08"]
[SourceVersion "1"]
[SourceVersionDate "2015.10.08"]
[SourceQuality "1"]
[WhiteTeam "Szentes"]
[BlackTeam "Oroshaza"]
[WhiteTeamCountry "HUN"]
[BlackTeamCountry "HUN"]

1. e4 c5 2. Nf3 e6 3. d4 cxd4 4. Nxd4 a6 5. Bd3 Nf6 6. 0-0 Qc7 7. Be3 b5 8. a4 b4 9. c4 Bb7 10. Nd2 Nc6 11. Nxc6 Bxc6 12. Qe2 d6 13. b3 Be7 14. Bf4 Nd7 15. Qe3 Bf6 16. Rad1 e5 17. Bg5 Bxg5 18. Qxg5 0-0 19. Rfe1 Nc5 20. Qe3 g6 21. Bc2 Kh8 22. Nf3 a5 23. Nxe5 Bxa4 24. Ng4 f5 25. exf5 gxf5 26. Nh6 Bxb3 27. Bxb3 Nxb3 28. Qxb3 Rf6 29. Qb2 Qg7 30. Rxd6 Rxd6 31. Qxg7+ Kxg7 32. Nxf5+ Kf8 33. Nxd6 a4 34. Nb5 a3 35. Ra1 a2 36. Nd4 Ke8 37. Kf1 Kd7 38. Nb3 Kc6 39. Nc1 Kc5 40. Rxa2 Rd8 41. Rc2 Kb6 42. Ke2 1-0

[Event "HUN-chT2 Toth 1314"]
[Site "Hungary"]
[Date "2013.09.22"]
[Round "2.4"]
[White "Tamas, Kornel"]
[Black "Horvath, Antal Jr"]
[Result "1/2-1/2"]
[WhiteElo "1985"]
[BlackElo "2082"]
[PlyCount "110"]
[EventDate "2013.09.08"]
[EventType "team-tourn"]
[EventRounds "11"]
[EventCountry "HUN"]
[SourceTitle "EXT 2016"]
[Source "ChessBase"]
[SourceDate "2015.10.08"]
[SourceVersion "1"]
[SourceVersionDate "2015.10.08"]
[SourceQuality "1"]
[WhiteTeam "Gyula"]
[BlackTeam "Oroshaza"]
[WhiteTeamCountry "HUN"]
[BlackTeamCountry "HUN"]

1. d4 Nf6 2. Nf3 e6 3. g3 b6 4. c4 Bb7 5. Bg2 c5 6. d5 exd5 7. Nh4 Bd6 8. Nf5 Bf8 9. Nc3 g6 10. Ne3 Bg7 11. Nexd5 Nc6 12. Bf4 0-0 13. Qd2 Na5 14. Bg5 h6 15. Bxh6 Nxc4 16. Qf4 Nxd5 17. Nxd5 Bxh6 18. Qxh6 Nxb2 19. Qc1 Na4 20. Qf4 Nc3 21. Nf6+ Kg7 22. Bxb7 Qxf6 23. Qxf6+ Kxf6 24. Bxa8 Rxa8 25. e3 b5 26. Kd2 b4 27. h4 a5 28. h5 Ne4+ 29. Kc2 c4 30. Rh4 d5 31. Rf4+ Ke6 32. hxg6 fxg6 33. f3 Nf6 34. g4 a4 35. Rd4 b3+ 36. Kc3 Rb8 37. axb3 Rxb3+ 38. Kd2 a3 39. g5 Nd7 40. e4 Ne5 41. Rxd5 Nxf3+ 42. Kc2 Re3 43. Rd8 Ke5 44. Ra8 Nxg5 45. R1xa3 Rxa3 46. Rxa3 Nxe4 47. Ra4 Kd4 48. Ra8 g5 49. Rg8 Ke5 50. Rc8 Kd4 51. Rg8 Ke5 52. Rc8 Nd6 53. Rg8 Kf4 54. Kc3 g4 55. Rg6 Ne4+ 1/2-1/2